[Event "Guzinsky Memorial-B 6th"]
[Site "Lazy"]
[Date "2013.04.30"]
[Round "4"]
[White "Drozdz, Arkadiusz"]
[Black "Cwirko, Mateusz"]
[Result "0-1"]
[WhiteElo "1319"]
[BlackElo "1424"]
[PlyCount "60"]
[EventDate "2013.04.28"]
[EventType "swiss"]
[EventRounds "9"]
[EventCountry "POL"]
[SourceTitle "EXT 2015"]
[Source "ChessBase"]
[SourceDate "2014.11.20"]
[SourceVersion "1"]
[SourceVersionDate "2014.11.20"]
[SourceQuality "1"]

1. e4 c5 2. Bc4 Nc6 3. Nf3 e6 4. d3 a6 5. a4 d6 6. Bg5 Be7 7. Bxe7 Ngxe7 8. 0-0 0-0 9. Nc3 Ng6 10. g3 Nge5 11. Nxe5 Nxe5 12. b3 b6 13. f3 Nc6 14. Kf2 Nd4 15. Ne2 Nxe2 16. Qxe2 d5 17. Rad1 dxc4 18. dxc4 Qc7 19. Rd3 Bb7 20. Rdd1 Bc6 21. h4 Rad8 22. Rc1 Rd7 23. Kg2 Rfd8 24. Kh3 e5 25. Qe3 Rd2 26. f4 exf4 27. Rxf4 Bd7+ 28. g4 Be6 29. h5 Qe5 30. Rff1 Rh2# 0-1

[Event "Guzinsky Memorial-B 6th"]
[Site "Lazy"]
[Date "2013.04.28"]
[Round "2"]
[White "Los, Kazimierz"]
[Black "Drozdz, Arkadiusz"]
[Result "1-0"]
[WhiteElo "1407"]
[BlackElo "1319"]
[PlyCount "67"]
[EventDate "2013.04.28"]
[EventType "swiss"]
[EventRounds "9"]
[EventCountry "POL"]
[SourceTitle "EXT 2015"]
[Source "ChessBase"]
[SourceDate "2014.11.20"]
[SourceVersion "1"]
[SourceVersionDate "2014.11.20"]
[SourceQuality "1"]

1. Nf3 Nf6 2. d4 d5 3. g3 Bf5 4. e3 e6 5. Bg2 Bd6 6. Nc3 0-0 7. 0-0 Ne4 8. Nxe4 Bxe4 9. b3 c5 10. Bb2 cxd4 11. Qxd4 f6 12. Qd2 Nc6 13. a3 Qc7 14. Rac1 Ne5 15. Nxe5 Bxg2 16. Kxg2 Bxe5 17. c4 Bxb2 18. Qxb2 Qc6 19. Kg1 dxc4 20. Rxc4 Qf3 21. Rf4 Qh5 22. Rc1 Rac8 23. Qb1 Rcd8 24. Rh4 Qg6 25. Qb2 Rd7 26. Rd4 Rfd8 27. Rxd7 Rxd7 28. Rc8+ Kf7 29. Qc1 Qe4 30. b4 Kg6 31. Rc4 Qf3 32. Rd4 Rxd4 33. exd4 Qxa3 34. Qxa3 1-0